[Event "GER-ch U18"]
[Site "Willingen"]
[Date "2007.05.30"]
[Round "7"]
[White "Schneider, David"]
[Black "Baumgardt, Laurin"]
[Result "1-0"]
[WhiteElo "2192"]
[BlackElo "2072"]
[PlyCount "29"]
[EventDate "2007.05.26"]
[EventType "swiss"]
[EventRounds "9"]
[EventCountry "GER"]
[SourceTitle "CBM 118 Extra"]
[Source "ChessBase"]
[SourceDate "2007.07.04"]
[SourceVersion "1"]
[SourceVersionDate "2007.07.04"]
[SourceQuality "1"]

1. e4 e6 2. d4 d5 3. e5 c5 4. c3 Nc6 5. Nf3 Bd7 6. Be2 Nge7 7. Na3 cxd4 8. cxd4 Nf5 9. g4 Bb4+ 10. Kf1 Nfe7 11. Bd2 Qb6 12. Nb5 Nxe5 13. Bxb4 Bxb5 14. Bc5 Qa5 15. Nxe5 1-0

[Event "GER-ch U18"]
[Site "Willingen"]
[Date "2007.05.29"]
[Round "5"]
[White "Kesten, Sebastian"]
[Black "Baumgardt, Laurin"]
[Result "1/2-1/2"]
[WhiteElo "2017"]
[BlackElo "2072"]
[PlyCount "32"]
[EventDate "2007.05.26"]
[EventType "swiss"]
[EventRounds "9"]
[EventCountry "GER"]
[SourceTitle "CBM 118 Extra"]
[Source "ChessBase"]
[SourceDate "2007.07.04"]
[SourceVersion "1"]
[SourceVersionDate "2007.07.04"]
[SourceQuality "1"]

1. d4 g6 2. Nf3 Bg7 3. g3 Nf6 4. Bg2 0-0 5. 0-0 d6 6. c4 Nbd7 7. Nc3 e5 8. e4 exd4 9. Nxd4 Ne5 10. b3 Bd7 11. Bb2 Re8 12. Re1 Qc8 13. Qc2 Bh3 14. f3 Bxg2 15. Kxg2 Nfd7 16. Rad1 Nf8 1/2-1/2

[Event "GER-ch U18"]
[Site "Willingen"]
[Date "2007.05.26"]
[Round "1"]
[White "Abel, Dennes"]
[Black "Baumgardt, Laurin"]
[Result "1-0"]
[WhiteElo "2294"]
[BlackElo "2072"]
[PlyCount "53"]
[EventDate "2007.05.26"]
[EventType "swiss"]
[EventRounds "9"]
[EventCountry "GER"]
[SourceTitle "CBM 118 Extra"]
[Source "ChessBase"]
[SourceDate "2007.07.04"]
[SourceVersion "1"]
[SourceVersionDate "2007.07.04"]
[SourceQuality "1"]

1. c4 e5 2. Nc3 Nc6 3. g3 f5 4. Bg2 Nf6 5. e3 d6 6. Nge2 Be7 7. 0-0 0-0 8. Rb1 Qe8 9. b4 Qh5 10. Nd5 Bd8 11. Nec3 Qxd1 12. Rxd1 Nxd5 13. Nxd5 Ne7 14. b5 Rb8 15. d3 Be6 16. Ba3 Ng6 17. f4 Bxd5 18. Bxd5+ Kh8 19. c5 dxc5 20. Bxc5 Be7 21. Rbc1 exf4 22. gxf4 Rfd8 23. Be6 Bd6 24. Bxf5 Ne7 25. Be4 b6 26. Bxd6 cxd6 27. Rc7 1-0

[Event "GER-chT U16"]
[Site "Dittrichshuette"]
[Date "2004.12.27"]
[Round "2"]
[White "Baumgardt, Laurin"]
[Black "Moshtael, Wesal"]
[Result "1-0"]
[WhiteElo "1774"]
[BlackElo "1902"]
[PlyCount "78"]
[EventDate "2004.12.27"]
[EventType "team"]
[EventRounds "6"]
[EventCountry "GER"]
[SourceTitle "EXT 2006"]
[Source "ChessBase"]
[SourceDate "2005.11.24"]
[SourceVersion "1"]
[SourceVersionDate "2005.11.24"]
[SourceQuality "1"]

1. e4 c5 2. Nc3 Nc6 3. f4 g6 4. Nf3 Bg7 5. Bc4 e6 6. f5 Nge7 7. fxe6 dxe6 8. 0-0 0-0 9. d3 Na5 10. Qe1 Nec6 11. Bb5 Nd4 12. Nxd4 cxd4 13. Ne2 a6 14. Ba4 b5 15. Bd2 Nb7 16. Bb3 a5 17. a3 Nc5 18. Ba2 Qb6 19. Kh1 Bd7 20. Qh4 b4 21. Bh6 Bxh6 22. Qxh6 f6 23. h4 Ra7 24. axb4 axb4 25. Bc4 Rc7 26. Rf3 Nxe4 27. Ra6 Qb7 28. Bxe6+ Bxe6 29. Rxe6 Nd2 30. Qxd2 Qd5 31. Rexf6 Ra8 32. Qxb4 Rxc2 33. Rf8+ Kg7 34. Qe7+ Kh6 35. Qg5+ Kg7 36. R3f7+ Qxf7 37. Rxf7+ Kxf7 38. Qd5+ Kg7 39. Qxa8 Rxe2 1-0

[Event "GER-chT North U16"]
[Site "Syke"]
[Date "2004.09.19"]
[Round "7.2"]
[White "Baumgardt, Laurin"]
[Black "Moshtael, Wesal"]
[Result "0-1"]
[WhiteElo "1765"]
[BlackElo "1888"]
[PlyCount "140"]
[EventDate "2004.09.16"]
[EventType "team-swiss"]
[EventRounds "7"]
[EventCountry "GER"]
[SourceTitle "EXT 2006"]
[Source "ChessBase"]
[SourceDate "2005.11.24"]
[SourceVersion "1"]
[SourceVersionDate "2005.11.24"]
[SourceQuality "1"]

1. e4 c5 2. Nc3 Nc6 3. f4 g6 4. Nf3 Bg7 5. Bc4 e6 6. 0-0 Nge7 7. e5 d5 8. exd6 Nf5 9. Ne4 Nxd6 10. Nxd6+ Qxd6 11. d3 0-0 12. a3 b6 13. Qe1 Bb7 14. Rb1 Rac8 15. Bd2 Rfd8 16. Qh4 Nd4 17. Ne5 b5 18. Ba2 c4 19. Ng4 Nf5 20. Nf6+ Bxf6 21. Qxf6 Qd4+ 22. Qxd4 Nxd4 23. Ba5 Rd5 24. Rf2 Rf5 25. Bc3 Rxf4 26. Bxd4 Rxd4 27. Rbf1 Rc7 28. dxc4 bxc4 29. c3 Rdd7 30. Bb1 Rc5 31. Bc2 Rg5 32. h3 e5 33. Re1 Re7 34. Be4 Bc8 35. Kh2 Kg7 36. Rfe2 f6 37. g3 Rh5 38. Bg2 Bf5 39. h4 g5 40. Be4 gxh4 41. g4 Bxg4 42. Rg2 Rg5 43. Bd5 f5 44. Bxc4 e4 45. Bd5 Kf6 46. Re3 h6 47. c4 Bf3 48. Rc2 Ke5 49. b4 Kd4 50. Re1 Kd3 51. Rf2 Reg7 52. c5 f4 53. Ba8 Rg2+ 54. Rxg2 Rxg2+ 55. Kh3 Kd2 56. Ra1 Rg8 57. Bd5 Rd8 58. Bc6 Kd3 59. Re1 Kd2 60. Ra1 Rd3 61. Bb5 Rc3 62. Ra2+ Kc1 63. Kxh4 e3 64. c6 Bxc6 65. Bf1 f3 66. b5 Bd5 67. Rh2 Rxa3 68. Kg3 e2 69. Bxe2 fxe2+ 70. Kf2 Kd2 0-1

[Event "GER-chT North U16"]
[Site "Syke"]
[Date "2004.09.16"]
[Round "2.2"]
[White "Lubbe, Alexander"]
[Black "Baumgardt, Laurin"]
[Result "0-1"]
[WhiteElo "1695"]
[BlackElo "1765"]
[PlyCount "52"]
[EventDate "2004.09.16"]
[EventType "team-swiss"]
[EventRounds "7"]
[EventCountry "GER"]
[SourceTitle "EXT 2006"]
[Source "ChessBase"]
[SourceDate "2005.11.24"]
[SourceVersion "1"]
[SourceVersionDate "2005.11.24"]
[SourceQuality "1"]

1. e4 e6 2. d4 d5 3. exd5 exd5 4. Bd3 Bd6 5. Nc3 c6 6. Nge2 Qc7 7. Be3 Ne7 8. Qd2 Bf5 9. h4 Nd7 10. 0-0-0 0-0-0 11. h5 h6 12. f3 Bxd3 13. Qxd3 Rde8 14. g4 f5 15. Qd2 fxg4 16. fxg4 Ng8 17. Nf4 Rxe3 18. Ncxd5 Bxf4 19. Nxe3 Ngf6 20. Kb1 Nxg4 21. d5 Bxe3 22. Qe2 Ndf6 23. Rh4 Nf2 24. d6 Qb6 25. Re1 Nd5 26. Rh2 Nc3+ 0-1

[Event "Berlin-ch U16"]
[Site "Berlin"]
[Date "2004.02.07"]
[Round "7"]
[White "Schultze, Max"]
[Black "Baumgardt, Laurin"]
[Result "0-1"]
[WhiteElo "1390"]
[BlackElo "1384"]
[PlyCount "66"]
[EventDate "2004.04.??"]
[EventType "swiss"]
[EventRounds "7"]
[EventCountry "GER"]
[SourceTitle "EXT 2005"]
[Source "ChessBase"]
[SourceDate "2004.11.15"]
[SourceVersion "1"]
[SourceVersionDate "2004.11.15"]
[SourceQuality "1"]

1. e4 e6 2. d4 d5 3. exd5 exd5 4. c4 Nf6 5. Nc3 Be7 6. Nf3 0-0 7. Bd3 dxc4 8. Bxc4 Nbd7 9. 0-0 Nb6 10. Bb3 c6 11. Ng5 Bg4 12. Qd3 Bh5 13. Re1 Bg6 14. Qh3 Bb4 15. Qh4 Nbd5 16. Qg3 Bd6 17. Qf3 Bh5 18. Qd3 Nf4 19. Bxf4 Bxf4 20. Nge4 Bg6 21. Nxf6+ Qxf6 22. Qf3 Rad8 23. d5 Qd6 24. dxc6 bxc6 25. Rad1 Qc7 26. g3 Be5 27. h4 Rxd1 28. Rxd1 h5 29. Na4 c5 30. Rc1 Bd4 31. Qd5 Qxg3+ 32. Qg2 Bxf2+ 33. Kf1 Bd3# 0-1

[Event "Berlin-ch U16"]
[Site "Berlin"]
[Date "2004.02.06"]
[Round "6"]
[White "Baumgardt, Laurin"]
[Black "Mirea, Jakob"]
[Result "1-0"]
[WhiteElo "1384"]
[BlackElo "1430"]
[PlyCount "81"]
[EventDate "2004.04.??"]
[EventType "swiss"]
[EventRounds "7"]
[EventCountry "GER"]
[SourceTitle "EXT 2005"]
[Source "ChessBase"]
[SourceDate "2004.11.15"]
[SourceVersion "1"]
[SourceVersionDate "2004.11.15"]
[SourceQuality "1"]

1. e4 e5 2. Nf3 Nc6 3. d4 exd4 4. Bc4 Nf6 5. 0-0 Nxe4 6. Re1 d5 7. Bxd5 Qxd5 8. Nc3 Qa5 9. Nxe4 Be6 10. Neg5 0-0-0 11. Nxe6 fxe6 12. Rxe6 Qf5 13. Qe2 d3 14. cxd3 Qxd3 15. Bg5 Qxe2 16. Rxe2 Rd5 17. Re8+ Kd7 18. Rae1 h6 19. Bd2 g5 20. Bc3 Rg8 21. Ra8 a6 22. Kf1 g4 23. Nh4 Nd8 24. Bf6 Bc5 25. Re5 Rxe5 26. Bxe5 Bd6 27. Bd4 h5 28. Nf5 Rg5 29. Nxd6 cxd6 30. Bf6 Rg8 31. Ke2 Re8+ 32. Kd3 Ne6 33. Rxe8 Kxe8 34. Ke4 Kf7 35. Bc3 Nc7 36. f3 gxf3 37. Kxf3 Ke6 38. Kf4 Nd5+ 39. Kg5 Nxc3 40. bxc3 Kd5 41. Kxh5 1-0

[Event "Berlin-ch U16"]
[Site "Berlin"]
[Date "2004.02.04"]
[Round "4"]
[White "Baumgardt, Laurin"]
[Black "Wolf, Markus"]
[Result "0-1"]
[WhiteElo "1384"]
[BlackElo "1463"]
[PlyCount "81"]
[EventDate "2004.04.??"]
[EventType "swiss"]
[EventRounds "7"]
[EventCountry "GER"]
[SourceTitle "EXT 2005"]
[Source "ChessBase"]
[SourceDate "2004.11.15"]
[SourceVersion "1"]
[SourceVersionDate "2004.11.15"]
[SourceQuality "1"]

1. e4 e5 2. Nf3 Nc6 3. d4 exd4 4. Bc4 Nf6 5. 0-0 Nxe4 6. Re1 d5 7. Bxd5 Qxd5 8. Nc3 Qa5 9. Nxe4 Be6 10. Neg5 0-0-0 11. Nxe6 fxe6 12. Rxe6 Bd6 13. Bg5 Rdf8 14. Bh4 Qd5 15. Qe2 Nb4 16. Ng5 d3 17. cxd3 Qxd3 18. Qg4 Kb8 19. Rd1 Qf5 20. Qe2 b6 21. a3 Nd5 22. Re4 Nf6 23. Ra4 a5 24. b4 Re8 25. Qf1 Qc2 26. Rxa5 bxa5 27. Nf7 Rhf8 28. Qb5+ Kc8 29. Nxd6+ cxd6 30. Qa6+ Kc7 31. Qxa5+ Kd7 32. Qb5+ Ke6 33. Re1+ Kf7 34. Qf1 Rxe1 35. Qxe1 Re8 36. Qf1 Qe2 37. Qxe2 Rxe2 38. Kf1 Ra2 39. g3 Rxa3 40. Bg5 Rb3 41. Be3 0-1